| 000 | 01029nam a2200241Ia 4500 | ||
|---|---|---|---|
| 999 |
_c37564 _d37564 |
||
| 001 | 3533 | ||
| 003 | GE_BSU | ||
| 005 | 20190621195929.0 | ||
| 008 | 181216s2011||||ge |||||||||||||| ||geo|| | ||
| 020 | _a9789941917875 | ||
| 040 | _cGE_BSU | ||
| 041 | _ageo | ||
| 100 |
_aნარგიზიშვილი, მანანა _92778 |
||
| 245 |
_aპრაქტიკული ფსიქოლოგია : _bკრებული წ. 2 / _cრედ. იათამზე კოტეტიშვილი. |
||
| 250 | _aპირველი გამოცემა | ||
| 264 |
_aთბილისი : _bინოვაცია _c2011 |
||
| 300 |
_a264 გვ. : _bცხრ. ; _c20სმ. |
||
| 653 | _aპრაქტიკული ფსიქოლოგია | ||
| 653 | _aფსიქოლოგია | ||
| 653 | _a სოციალური ფსიქოლოგია | ||
| 700 |
_aკოტეტიშვილი, იათამზე _eრედაქტორი _92779 |
||
| 942 |
_cBK _2udc |
||